000 00284nam a22001337a 4500
008 170930b xxu||||| |||| 00| 0 eng d
020 _a2900137007577
041 _aeng
080 _a37
100 _a47
101 _aEDU
245 _aCORNERSTONE
_cSHERFIELD, R.M
942 _2udc
_cBK
999 _c30937
_d30937